header

Extra credit (Record no. 264743)

MARC details
000 -LEADER
fixed length control field 00232nam a22000977a 4500
020 ## - INTERNATIONAL STANDARD BOOK NUMBER
ISBN 9781416949312
100 ## - MAIN ENTRY--AUTHOR NAME
Personal name Andrew Clements
245 ## - TITLE STATEMENT
Title Extra credit
260 ## - PUBLICATION, DISTRIBUTION, ETC. (IMPRINT)
Place of publication New York
Name of publisher Atheneum Books for Young Readers
Year of publication 2009
942 ## - ADDED ENTRY ELEMENTS (KOHA)
Koha item type Long Loan Books
Holdings
Withdrawn status Lost status Collection code Home library Current library Shelving location Date acquired Accession Number Koha item type
    Fiction Rongo University Library Rongo University Library Children's Area 17/02/2025 CL20243787 Long Loan Books

© 2026 Rongo University
Contact us: librarian | system librarian | Rongo university